| 000 | 00686nam a22001937a 4500 | ||
|---|---|---|---|
| 005 | 20251108170934.0 | ||
| 008 | 250721s9999 xx 000 0 ara d | ||
| 082 | 1 | 4 | _aم/217.5/نجا |
| 100 | 1 |
_aالمقدسي، أبي النجا شرف الدين موسى الحجاوي _eكاتب حوار |
|
| 245 | 1 | 0 | _aالإقناع في فقه الإمام أحمد بن حنبل / |
| 264 | 1 |
_aبيروت : _bدار المعرفة، _c[19-]. |
|
| 300 | _a4ج | ||
| 650 | 1 | 7 | _aالإسلام |
| 650 | 1 | 7 | _aفقه |
| 650 | 1 | 7 | _aالمذهب الحنبلي |
| 700 | 1 |
_aالسبكي، عبد اللطيف محمد موسى _eتصحيح و تعليق |
|
| 942 |
_2ddc _cREF |
||
| 999 |
_c52604 _d52604 |
||